Sports Quiz

Random Sports or Football Quiz

NFL Most Career Playoff Passes Quiz Stats

 Plays Quiz Updated Feb 7, 2019

Score 0/12 Timer 03:00
1 Play Today
Attempts QB % Correct
1,589Tom Brady
99.7%
1,027Peyton Manning
97.2%
734Joe Montana
86.8%
791Brett Favre
85.4%
687Dan Marino
82.5%
615Drew Brees
82%
676Ben Roethlisberger
78.4%
651John Elway
76.1%
595Aaron Rodgers
72.3%
502Troy Aikman
66.6%
545Jim Kelly
55.6%
577Donovan McNabb
52.7%

You're not logged in!

Compare scores with friends on all Sporcle quizzes.
OR
Log In

Sporcle TV

Today on Sporcle TV


Watch our educational content, quiz creation guides, and fun videos on Sporcle TV.

Show Comments

Extras

Top Quizzes Today


Score Distribution

Your Account Isn't Verified!

In order to create a playlist on Sporcle, you need to verify the email address you used during registration. Go to your Sporcle Settings to finish the process.

Report this User

Report this user for behavior that violates our Community Guidelines.

Details: